Камуфлет: роман

Bibliografiset tiedot
Päätekijä: Чиж А. Антон
Yhteenveto:Ужасные, кровавые преступления сотрясают Петербург начала века: при странных обстоятельствах гибнут красивые мужчины. У кого-то в руках взрывается скрипка редчайшей работы, кто-то травится дорогой сигарой, кто-то включает заминированную настольную лампу или входит в заминированную дверь... Родиону Ванзарову из сыскной полиции Петербурга предстоит собрать воедино мозаику этих убийств и прийти к совершенно невероятному выводу. Ванзаров узнает, что Рос­сийской империи грозит огромная опасность - следствие от­чаянной любви последнего русского императора Николая II...
Kieli:venäjä
Julkaistu: Москва, Эксмо, 2015
Sarja:Ретро-детективы Антона Чижа и Ивана Любенко
Ретро-детективы Антона Чижа
Aiheet:
Aineistotyyppi: MixedMaterials Kirja
KOHA link:https://koha.lib.tpu.ru/cgi-bin/koha/opac-detail.pl?biblionumber=316023

MARC

LEADER 00000nam0a2200000 4500
001 316023
005 20231102002832.0
010 |a 9785699785537 
035 |a (RuTPU)RU\TPU\book\341460 
090 |a 316023 
100 |a 20160314d2015 m y0rusy50 ca 
101 0 |a rus 
102 |a RU 
105 |a a z 001ay 
200 1 |a Камуфлет  |e роман  |f А. Чиж 
210 |a Москва  |c Эксмо  |d 2015 
215 |a 412 с.  |c ил. 
225 1 |a Ретро-детективы Антона Чижа и Ивана Любенко 
225 1 |a Ретро-детективы Антона Чижа 
330 |a Ужасные, кровавые преступления сотрясают Петербург начала века: при странных обстоятельствах гибнут красивые мужчины. У кого-то в руках взрывается скрипка редчайшей работы, кто-то травится дорогой сигарой, кто-то включает заминированную настольную лампу или входит в заминированную дверь... Родиону Ванзарову из сыскной полиции Петербурга предстоит собрать воедино мозаику этих убийств и прийти к совершенно невероятному выводу. Ванзаров узнает, что Рос­сийской империи грозит огромная опасность - следствие от­чаянной любви последнего русского императора Николая II... 
606 1 |a Русская литература современная  |2 stltpush  |3 (RuTPU)RU\TPU\subj\26373  |9 50316 
610 1 |a исторические детективы 
610 1 |a романы 
675 |a Р2  |v 4 
700 1 |a Чиж  |b А.  |c писатель  |g Антон  |2 stltpush  |3 (RuTPU)RU\TPU\pers\38258 
801 1 |a RU  |b 63413507  |c 20160314 
801 2 |a RU  |b 63413507  |c 20170410  |g RCR 
942 |c BK 
959 |a 11/20160128  |d 1  |e 294,00  |f ХФ:1